000 00327nam a22001457a 4500
003 SGT
020 _a9788173196478
082 _a624.2,RAJ
100 _aRAJAGOPALAN, N.
245 _aBRIDGE SUPERSTRUCTURE
260 _aNEW DELHI
_bNAROSA PUB. HOUSE
_c2017
300 _a256
650 _aCIVIL ENGINEERING
942 _2ddc
_cBK
999 _c24905
_d24905